[Event "Tournoi francophone 021"]
[Site "Skype"]
[Date "????.??.??"]
[Round "1.1"]
[White "Deville, Olivier"]
[Black "Milanese, Serge"]
[Result "1-0"]
[WhiteElo "1863"]
[BlackElo "1521"]
[PlyCount "59"]

1. Nf3 d5 2. e3 e6 3. c4 c6 4. Nc3 Nf6 5. b3 Be7 6. Bb2 Nbd7 7. Qc2 O-O 8. Be2
Nc5 9. O-O Qc7 10. Rac1 Bd7 11. b4 Nce4 12. d3 Nxc3 13. Bxc3 c5 14. bxc5 Bxc5
15. cxd5 exd5 16. Bxf6 gxf6 17. Qxc5 Qd8 18. Qxd5 b6 19. d4 Bg4 20. Qxd8 Raxd8
21. Rc7 a5 22. Rd1 Kg7 23. d5 Rg8 24. Nd4 Kh6 25. Bxg4 Rxg4 26. d6 Kg6 27. Nc6
Rf8 28. d7 Re4 29. Rc8 Rxc8 30. dxc8=Q 1-0

[Event "Tournoi francophone 021"]
[Site "Skype"]
[Date "????.??.??"]
[Round "1.2"]
[White "Jimenez Del Rosario, Alsis Raynely"]
[Black "Jacquelin, Norbert"]
[Result "1-0"]
[WhiteElo "1515"]
[BlackElo "1827"]
[PlyCount "95"]

1. b3 Nf6 2. Bb2 e6 3. e3 Be7 4. Bd3 Nc6 5. Nf3 d6 6. Nc3 a6 7. Ne4 Nb4 8. Bxf6
Nxd3+ 9. cxd3 Bxf6 10. Nxf6+ Qxf6 11. d4 Bd7 12. O-O Bc6 13. Rc1 Rc8 14. a4 O-O
15. Qe2 Kh8 16. e4 e5 17. d5 Bd7 18. Qe3 h6 19. d4 Kg8 20. dxe5 dxe5 21. Qa7
Bg4 22. Rc3 Bxf3 23. Rxf3 Qe7 24. Qxb7 Ra8 25. Qc6 Rfd8 26. Rc3 Ra7 27. Qc5
Qxc5 28. Rxc5 Rb8 29. Rb1 a5 30. g3 f6 31. Kf1 g5 32. Ke2 g4 33. Kd2 h5 34. Kc2
Kf8 35. Kb2 Rab7 36. Ka3 Ke7 37. Rxa5 Rb4 38. Ra7 Kd7 39. Ra8 Rxb3+ 40. Rxb3
Rxa8 41. Rb5 Kc8 42. a5 Kd7 43. Kb4 Kd6 44. Rb7 Kd7 45. Kb5 Kc8 46. a6 Kd7 47.
a7 Kc8 48. Kc6 1-0

[Event "Tournoi francophone 021"]
[Site "Skype"]
[Date "????.??.??"]
[Round "1.3"]
[White "Lambert, Pierre"]
[Black "Vello, Pablo"]
[Result "1/2-1/2"]
[WhiteElo "1791"]
[BlackElo "1514"]
[PlyCount "50"]

1. e4 e6 2. d4 d5 3. Nc3 Bb4 4. e5 c5 5. Bd2 cxd4 6. Nb5 Bc5 7. Nf3 Nc6 8. Bd3
a6 9. Na3 Nge7 10. O-O Ng6 11. Qe2 Qc7 12. Rfe1 Nb4 13. Bxb4 Bxb4 14. Bxg6 hxg6
15. Red1 Bd7 16. Nxd4 O-O 17. Rd3 Rfc8 18. Rad1 Bb5 19. Naxb5 axb5 20. a3 Ba5
21. b4 Bb6 22. Rh3 Qc4 23. Qg4 Bxd4 24. Rxd4 Qxc2 25. g3 Qf5 1/2-1/2

[Event "Tournoi francophone 021"]
[Site "Skype"]
[Date "????.??.??"]
[Round "1.4"]
[White "Valmalette, Alain"]
[Black "Bourdeau, Yvan"]
[Result "0-1"]
[WhiteElo "1513"]
[BlackElo "1740"]
[PlyCount "68"]

1. d4 g6 2. e4 Bg7 3. Nc3 d6 4. e5 dxe5 5. d5 c6 6. Nf3 cxd5 7. Bb5+ Nc6 8.
Nxd5 e6 9. Nc3 Qxd1+ 10. Nxd1 Bd7 11. O-O Nge7 12. Nc3 a6 13. Bd3 O-O 14. Be3
Nd5 15. Bc5 Rfd8 16. Nxd5 exd5 17. Be2 b5 18. Rad1 Be6 19. c3 d4 20. cxd4 exd4
21. h3 Bxa2 22. Rd3 Bc4 23. Rd2 d3 24. b3 dxe2 25. Rxd8+ Rxd8 26. Re1 Bxb3 27.
Rxe2 Bd1 28. Ra2 Bxf3 29. gxf3 a5 30. Bb6 Ra8 31. Rc2 Nd4 32. Rc5 a4 33. f4 a3
34. Rc1 Ne2+ 0-1

[Event "Tournoi francophone 021"]
[Site "Skype"]
[Date "????.??.??"]
[Round "1.5"]
[White "Rodier, Marc"]
[Black "Guillaume, Mickael"]
[Result "1-0"]
[WhiteElo "1686"]
[BlackElo "1511"]
[PlyCount "107"]

1. e4 e5 2. Nf3 Nf6 3. Nxe5 d6 4. Nf3 Bg4 5. Be2 Nxe4 6. O-O Be7 7. d4 Nc6 8.
c4 O-O 9. Nbd2 Nxd2 10. Qxd2 Bf6 11. d5 Bxf3 12. Bxf3 Nd4 13. Be4 Bg5 14. Qxd4
Bf6 15. Qd3 g6 16. Rb1 Be5 17. b3 f5 18. Bf3 Qh4 19. g3 Qf6 20. Bg2 Rfe8 21.
Bd2 Re7 22. Rbe1 Rae8 23. f4 Bd4+ 24. Kh1 h6 25. Rxe7 Rxe7 26. Re1 Rxe1+ 27.
Bxe1 Kh7 28. Qe2 c5 29. dxc6 bxc6 30. Bxc6 g5 31. fxg5 hxg5 32. Bd5 Be5 33. Bd2
Kg6 34. b4 f4 35. gxf4 Bxf4 36. Bxf4 gxf4 37. Kg2 Kg5 38. Kf3 Qc3+ 39. Kg2 Qf6
40. Bf3 Qg7 41. c5 Kf5+ 42. Bg4+ Kg5 43. h3 dxc5 44. bxc5 Qc7 45. Qb2 Qc6+ 46.
Bf3 Qxc5 47. h4+ Kf5 48. a4 a5 49. Qb5 Qxb5 50. axb5 a4 51. Bd5 Ke5 52. Ba2 Kd6
53. h5 Ke5 54. b6 1-0

[Event "Tournoi francophone 021"]
[Site "Skype"]
[Date "????.??.??"]
[Round "1.6"]
[White "De Coninck, Philippe"]
[Black "Castellanos Gonzalez, Mariano"]
[Result "0-1"]
[WhiteElo "1510"]
[BlackElo "1670"]
[PlyCount "76"]

1. e4 d6 2. d4 Nf6 3. Nc3 g6 4. Bc4 Bg7 5. Nf3 a6 6. Bg5 h6 7. Bh4 b5 8. Bxf6
Bxf6 9. Bd5 c6 10. Bb3 Nd7 11. a3 Bb7 12. O-O O-O 13. Qd2 Kh7 14. Rad1 c5 15.
Bd5 Rb8 16. Bxb7 Rxb7 17. Nd5 Bg7 18. c3 e6 19. Ne3 Qb6 20. Rfe1 Nf6 21. Nc2
Rc8 22. e5 Nd5 23. exd6 Qxd6 24. Ne3 Nf6 25. dxc5 Qxc5 26. Qd6 a5 27. Qxc5 Rxc5
28. Nc2 Nd5 29. Ne5 b4 30. axb4 axb4 31. c4 Bxe5 32. Rxe5 Rxc4 33. Ne3 Nxe3 34.
Rxe3 Rc2 35. b3 Rbc7 36. h3 R7c3 37. Rxc3 bxc3 38. Rd2 cxd2 0-1

[Event "Tournoi francophone 021"]
[Site "Skype"]
[Date "????.??.??"]
[Round "1.7"]
[White "Nicolini, Francesco"]
[Black "Abate, Luigi"]
[Result "1-0"]
[WhiteElo "1666"]
[BlackElo "1506"]
[PlyCount "80"]

1. e4 e5 2. Nf3 Nc6 3. Bc4 Bc5 4. O-O d6 5. c3 Bg4 6. d3 h6 7. Nbd2 Nf6 8. b4
Bb6 9. Qb3 O-O 10. h3 Bh5 11. Nh2 Ne7 12. Kh1 c6 13. f4 exf4 14. d4 d5 15. Bd3
dxe4 16. Nxe4 Nxe4 17. Bxe4 Ng6 18. Ba3 Re8 19. Bxg6 Bxg6 20. Rxf4 Kh7 21. Ng4
f6 22. Bb2 Qd6 23. Raf1 Bc7 24. c4 h5 25. Nh2 Re4 26. c5 Qe7 27. R4f2 Re2 28.
Bc1 Rxf2 29. Rxf2 Qe1+ 30. Rf1 Qe2 31. Qb2 Qd3 32. Bf4 Bxf4 33. Rxf4 Re8 34.
Rf2 Re1+ 35. Nf1 Rxf1+ 36. Kh2 Rxf2 37. Qxf2 Qc4 38. Qd2 Qe6 39. a4 a6 40. a5
Qd6+ 1-0

[Event "Tournoi francophone 021"]
[Site "Skype"]
[Date "????.??.??"]
[Round "1.8"]
[White "Malbec, Robert"]
[Black "Sahrane, Juba"]
[Result "0-1"]
[WhiteElo "1503"]
[BlackElo "1663"]
[PlyCount "60"]

1. d4 e6 2. c4 d5 3. Nc3 Nf6 4. b3 Bb4 5. Bd2 O-O 6. Nf3 c5 7. Qc2 Nc6 8. e3
cxd4 9. exd4 Bd7 10. Bd3 dxc4 11. bxc4 Rc8 12. Ng5 Nxd4 13. Qb1 Qa5 14. Bxh7+
Kh8 15. Qc1 Rxc4 16. Bd3 Rxc3 17. Bxc3 Bxc3+ 18. Kf1 Bxa1 19. Qxa1 Nb3 20. Qb2
Nd2+ 21. Ke2 Qxg5 22. h4 Qxg2 23. Qxd2 Qxh1 24. Qf4 e5 25. Qb4 Bg4+ 26. Kd2 Rd8
27. Qe7 Rxd3+ 28. Kxd3 Qd1+ 29. Kc3 Nd5+ 30. Kc4 Nxe7 0-1

[Event "Tournoi francophone 021"]
[Site "Skype"]
[Date "????.??.??"]
[Round "1.9"]
[White "Gadow, Martin"]
[Black "Ruiz Aguilera, Juan Jesus"]
[Result "0-1"]
[WhiteElo "1651"]
[BlackElo "1500"]
[PlyCount "55"]

1. d4 d5 2. Nf3 Nf6 3. Bf4 e6 4. e3 Be7 5. Bd3 c5 6. c3 Nc6 7. Ne5 c4 8. Bc2
O-O 9. Bg3 Qb6 10. b3 Bd7 11. Nd2 cxb3 12. axb3 Nxe5 13. dxe5 Ne8 14. Bh4 Bxh4
15. Qh5 Qxe3+ 16. Kd1 Qh6 17. Qg4 Bxf2 18. Bd3 Be3 19. Nf3 f5 20. Qg3 Bf4 21.
Qe1 a5 22. g3 Be3 23. h4 Bc5 24. Rf1 Nc7 25. Ng5 Bb5 26. c4 dxc4 27. bxc4 Rad8
28. cxb5 0-1

[Event "Tournoi francophone 021"]
[Site "Skype"]
[Date "????.??.??"]
[Round "1.10"]
[White "Rivalta, Paolo"]
[Black "Farfallini, Michel"]
[Result "1-0"]
[WhiteElo "1499"]
[BlackElo "1642"]
[PlyCount "75"]

1. e4 e5 2. Nf3 Nc6 3. Bc4 Be7 4. Nc3 d6 5. O-O Bg4 6. h3 Bh5 7. Be2 Qd7 8. d3
O-O-O 9. Re1 Nf6 10. Nd5 Nxd5 11. exd5 Nb8 12. Qd2 Qb5 13. c4 Qb6 14. a4 a6 15.
Ng5 Bg6 16. Ne4 f5 17. Nc3 Be8 18. a5 Qa7 19. b4 Bh4 20. Rf1 Nd7 21. b5 axb5
22. cxb5 Kb8 23. Bb2 Qc5 24. d4 exd4 25. Ba3 Qxc3 26. Qf4 Qc2 27. Bd1 Qe4 28.
Qc1 Qxd5 29. Qb2 f4 30. Bf3 Qg5 31. a6 Ne5 32. Bxb7 Bd7 33. g4 Bxg4 34. hxg4
Nxg4 35. Bg2 Ne3 36. fxe3 fxe3 37. a7+ Kc8 38. a8=Q+ 1-0

[Event "Tournoi francophone 021"]
[Site "Skype"]
[Date "????.??.??"]
[Round "1.11"]
[White "Graham, Neil"]
[Black "L'Herbon De Lussats, Jean"]
[Result "1/2-1/2"]
[WhiteElo "1622"]
[BlackElo "1493"]
[PlyCount "123"]

1. d4 d5 2. c4 Nf6 3. Nc3 e6 4. Bf4 Be7 5. e3 O-O 6. Nf3 Nbd7 7. cxd5 Nxd5 8.
Nxd5 exd5 9. Bd3 Bb4+ 10. Nd2 c5 11. O-O cxd4 12. exd4 Nf6 13. Rc1 a6 14. Nb3
Re8 15. a3 Bd6 16. Bxd6 Qxd6 17. h3 Ne4 18. Re1 Qg6 19. Qf3 h5 20. Rc5 Be6 21.
Rc7 Ng5 22. Bxg6 Nxf3+ 23. gxf3 fxg6 24. Kg2 b5 25. Nc5 Bf7 26. Ree7 Rxe7 27.
Rxe7 Re8 28. Rxe8+ Bxe8 29. Nxa6 Kf7 30. Kg3 g5 31. f4 Kf6 32. fxg5+ Kxg5 33.
Nc7 h4+ 34. Kf3 Bc6 35. Ne6+ Kf6 36. Nf4 g5 37. Ne2 Bd7 38. Kg2 Kf5 39. Nc3 Bc6
40. b3 Kf4 41. a4 bxa4 42. bxa4 g4 43. hxg4 Kxg4 44. f3+ Kf4 45. a5 Ke3 46. a6
Kxd4 47. Ne2+ Ke3 48. Nc3 d4 49. Ne4 d3 50. a7 d2 51. Nxd2 Kxd2 52. Kf2 h3 53.
Kg3 Ke3 54. f4 h2 55. Kxh2 Kxf4 56. Kh3 Kf3 57. Kh4 Kf4 58. Kh5 Kf5 59. Kh6 Kf6
60. Kh7 Be4+ 61. Kg8 Bd5+ 62. Kf8 1/2-1/2

[Event "Tournoi francophone 021"]
[Site "Skype"]
[Date "????.??.??"]
[Round "1.12"]
[White "Yepez, German"]
[Black "Pouteau, Pascal"]
[Result "0-1"]
[WhiteElo "1476"]
[BlackElo "1616"]
[PlyCount "64"]

1. e4 c6 2. Nf3 d5 3. exd5 Qxd5 4. d4 Bg4 5. Be2 Nf6 6. h3 Bh5 7. c4 Qd8 8. Nc3
e6 9. O-O Bd6 10. d5 cxd5 11. cxd5 exd5 12. Kh1 Bc5 13. Na4 Be7 14. Qb3 Qc7 15.
Bb5+ Nc6 16. Nd4 O-O 17. Nxc6 bxc6 18. Bd3 Rab8 19. Qc2 Rfd8 20. b3 Bd6 21. Bb2
c5 22. Bxf6 gxf6 23. Rac1 Bg6 24. Bxg6 fxg6 25. Nxc5 Bxc5 26. Qxc5 Qf7 27. Qc7
Rbc8 28. Qxf7+ Kxf7 29. g3 d4 30. Rcd1 Rc2 31. a4 d3 32. Rxd3 Rxd3 0-1

[Event "Tournoi francophone 021"]
[Site "Skype"]
[Date "????.??.??"]
[Round "1.13"]
[White "Khabou, Taha"]
[Black "Esformes, Jacques"]
[Result "1-0"]
[WhiteElo "1615"]
[BlackElo "1475"]
[PlyCount "80"]

1. d4 d5 2. Bf4 Nf6 3. e3 c5 4. c3 Qb6 5. Qc1 Rg8 6. Nf3 cxd4 7. exd4 Qe6+ 8.
Be3 g6 9. Bd3 Qg4 10. O-O Bf5 11. Ne5 Qh5 12. Na3 Nbd7 13. Bxf5 gxf5 14. Nxd7
Nxd7 15. Nb5 Qf3 16. g3 O-O-O 17. Nxa7+ Kc7 18. Qc2 Qe4 19. Qa4 Rb8 20. Bf4+
Qxf4 21. Nb5+ Kb6 22. Na3 Nf6 23. Qb5+ Kc7 24. Qc5+ Kd7 25. c4 e6 26. Qb5+ Kd8
27. c5 b6 28. cxb6 Nd7 29. b7 Qc7 30. Qd3 Rxb7 31. Rab1 Bxa3 32. Qxa3 Ra7 33.
Qb3 Qa5 34. a3 Qd2 35. Rfc1 f4 36. Rc2 Qxd4 37. Rbc1 Rf8 38. Rc8+ Ke7 39. R8c7
Rxc7 40. Rxc7 Qb6 1-0

[Event "Tournoi francophone 021"]
[Site "Skype"]
[Date "????.??.??"]
[Round "1.14"]
[White "Colangelo, Michele"]
[Black "De Fazio, Monica"]
[Result "0-1"]
[WhiteElo "1464"]
[BlackElo "1603"]
[PlyCount "32"]

1. e4 e6 2. e5 c5 3. Nf3 Nc6 4. Bc4 Nge7 5. d3 Ng6 6. Bg5 Qc7 7. Qe2 Ngxe5 8.
Nxe5 Nxe5 9. Bf4 Bd6 10. Qe4 Nxc4 11. Bxd6 Qxd6 12. Qf3 Qe5+ 13. Qe2 Qxe2+ 14.
Kxe2 Ne5 15. Re1 O-O 16. Kf1 Nc6 0-1

[Event "Tournoi francophone 021"]
[Site "Skype"]
[Date "????.??.??"]
[Round "1.15"]
[White "Le Brun, Yves"]
[Black "Vervoort, Jean-Louis"]
[Result "1-0"]
[WhiteElo "1601"]
[BlackElo "1459"]
[PlyCount "83"]

1. d4 d5 2. Bf4 Bf5 3. e3 e6 4. g4 Bg6 5. h4 h6 6. Bd3 Bxd3 7. Qxd3 Nf6 8. f3
Nc6 9. c3 Bd6 10. Nd2 O-O 11. g5 Bxf4 12. exf4 Nh5 13. Nh3 Qd6 14. O-O-O Nxf4
15. Nxf4 Qxf4 16. gxh6 Qxh6 17. Rdg1 e5 18. Rg4 exd4 19. cxd4 Rae8 20. f4 f5
21. Rg5 Rf6 22. Nf3 Ree6 23. Rhg1 Re7 24. h5 Ref7 25. Nh4 Ne7 26. Nf3 Kf8 27.
Ne5 b6 28. Nd7+ Kg8 29. Qg3 Kh8 30. Ne5 Rf8 31. Ng6+ Rxg6 32. hxg6 Rf6 33. Qg2
Qh4 34. Rh1 Qxh1+ 35. Qxh1+ Kg8 36. Qh7+ Kf8 37. Qh8+ Ng8 38. Qh5 Re6 39. Rxf5+
Nf6 40. Qh8+ Ke7 41. Qxg7+ Ke8 42. Qf7+ 1-0

[Event "Tournoi francophone 021"]
[Site "Skype"]
[Date "????.??.??"]
[Round "1.16"]
[White "Lecluyse, Koenraad"]
[Black "Moumtaz, Abderrahim"]
[Result "1-0"]
[WhiteElo "1458"]
[BlackElo "1598"]
[PlyCount "97"]

1. d4 Nf6 2. Bf4 c6 3. e3 d5 4. Nf3 Bf5 5. Bd3 Bxd3 6. Qxd3 e6 7. Bxb8 Rxb8 8.
Nbd2 Bd6 9. a4 O-O 10. Ng5 h6 11. Ngf3 Qb6 12. b3 Bb4 13. c3 Bd6 14. O-O Rfe8
15. Ne5 a6 16. Qe2 Rbd8 17. a5 Qc7 18. Ndf3 Ne4 19. Qd3 Nf6 20. Rab1 Qxa5 21.
b4 Qb5 22. Qc2 Qb6 23. Qd3 Qc7 24. c4 dxc4 25. Nxc4 Be7 26. Nce5 Nd5 27. Qc4
Nxb4 28. Rxb4 Bxb4 29. Qxb4 a5 30. Qa3 Qd6 31. Qxa5 Ra8 32. Qb6 Reb8 33. Nc4
Qd8 34. Qc5 Qd5 35. Qb4 Qb5 36. Qc3 Qa6 37. h3 Rd8 38. Nfe5 b5 39. Nb2 Rdc8 40.
Qc5 Qa3 41. Qc2 Qd6 42. Nbd3 Rc7 43. Rb1 Qd5 44. Nc5 Ra2 45. Rb2 Ra1+ 46. Rb1
Rxb1+ 47. Qxb1 Ra7 48. Qd1 Qe4 49. Nxe4 1-0

[Event "Tournoi francophone 021"]
[Site "Skype"]
[Date "????.??.??"]
[Round "1.17"]
[White "Busto, Ricardo"]
[Black "Ortis, Yves"]
[Result "1/2-1/2"]
[WhiteElo "1585"]
[BlackElo "1452"]
[PlyCount "75"]

1. e4 c5 2. Nc3 e6 3. f4 d5 4. Bb5+ Nc6 5. Nf3 Bd7 6. exd5 exd5 7. Qe2+ Qe7 8.
Nxd5 Qxe2+ 9. Bxe2 Bd6 10. g3 Be6 11. Nc3 Nf6 12. b3 a6 13. d3 Nb4 14. Kd2 Rd8
15. Ng5 Bf5 16. Bf3 Nc6 17. Ba3 O-O 18. Bb2 Bg4 19. Bg2 Rd7 20. Nge4 Nxe4+ 21.
Nxe4 Be7 22. Rae1 Nd4 23. Kc1 a5 24. h3 Bf3 25. Bxf3 Nxf3 26. Re3 Nd4 27. Bxd4
cxd4 28. Ree1 Ba3+ 29. Kb1 Bb4 30. Rd1 Ra8 31. a4 b5 32. Rhf1 bxa4 33. bxa4 Ba3
34. Ka2 Be7 35. f5 f6 36. h4 Rb8 37. Rb1 Bb4 38. g4 1/2-1/2

[Event "Tournoi francophone 021"]
[Site "Skype"]
[Date "????.??.??"]
[Round "1.18"]
[White "Montilla Bejarano, Mey"]
[Black "Scata, Laura"]
[Result "1/2-1/2"]
[WhiteElo "1450"]
[BlackElo "1583"]
[PlyCount "64"]

1. d4 c6 2. e4 d5 3. e5 Bf5 4. Nf3 e6 5. a3 a6 6. Be2 c5 7. c3 Nc6 8. O-O Qb6
9. Re1 cxd4 10. cxd4 Bg4 11. Qa4 Bxf3 12. Bxf3 Qxd4 13. Qc2 Nge7 14. Be3 Qxe5
15. Nd2 Nf5 16. Bg5 Qc7 17. Bxd5 Nfe7 18. Bb3 h6 19. Bh4 Ng6 20. Rxe6+ fxe6 21.
Qxg6+ Qf7 22. Qe4 Qf5 23. Qc4 Be7 24. g4 Qd5 25. Qc2 Qd6 26. Qg6+ Kd7 27. Nf3
Bxh4 28. Rd1 Qxd1+ 29. Bxd1 Bf6 30. Qf7+ Ne7 31. Bb3 Bxb2 32. Qxe6+ Ke8 1/2-1/2

[Event "Tournoi francophone 021"]
[Site "Skype"]
[Date "????.??.??"]
[Round "1.19"]
[White "Briere, Jean"]
[Black "Soubrier, Laure"]
[Result "1-0"]
[WhiteElo "1581"]
[BlackElo "1450"]
[PlyCount "63"]

1. e4 e5 2. Nf3 Nf6 3. Nxe5 Nc6 4. Nf3 Bc5 5. Bc4 d6 6. d3 Be6 7. Bb5 O-O 8.
Bxc6 bxc6 9. O-O Re8 10. Be3 Bxe3 11. fxe3 h6 12. Nc3 a6 13. d4 d5 14. e5 Ng4
15. Qe2 Qe7 16. h3 c5 17. hxg4 Bxg4 18. Qf2 c6 19. Na4 Rab8 20. c3 Rf8 21. Nxc5
Rb6 22. b3 f6 23. Qh4 Bf5 24. e4 dxe4 25. Nxe4 Bxe4 26. Qxe4 f5 27. Qh4 Qf7 28.
Nd2 Qd5 29. Rf3 c5 30. Raf1 Rbf6 31. exf6 Rxf6 32. Qf2 1-0

[Event "Tournoi francophone 021"]
[Site "Skype"]
[Date "????.??.??"]
[Round "1.20"]
[White "Schnell, Nicolas"]
[Black "Hargez, Dany"]
[Result "0-1"]
[WhiteElo "1403"]
[BlackElo "1578"]
[PlyCount "126"]

1. e4 e5 2. Nc3 d5 3. exd5 Bd6 4. Bc4 Bg4 5. Qxg4 Qf6 6. Qc8+ Qd8 7. Bb5+ c6 8.
Qxb7 Nd7 9. dxc6 Ngf6 10. Nf3 O-O 11. d4 exd4 12. Nxd4 Nc5 13. Bc4 Nxb7 14.
cxb7 Rb8 15. Ne6 Re8 16. O-O fxe6 17. Be3 Rxb7 18. Rab1 Rc7 19. Bb3 a5 20. Rbd1
Rce7 21. Rd2 Qb8 22. f4 Ng4 23. Bd4 Bxf4 24. Rd3 Bxh2+ 25. Kh1 Be5 26. Bc5 Rf7
27. Rdf3 Rxf3 28. Rxf3 Bxc3 29. g3 Bxb2 30. Rf5 h6 31. Rf3 Be5 32. c3 Bxg3 33.
a4 Qe5 34. Rf1 Qh5+ 35. Kg2 Qh2+ 36. Kf3 Ne5+ 37. Ke3 Bf4+ 38. Ke4 Qd2 39. Rg1
Qd3+ 40. Kxf4 Nf3 41. Rg3 Qxc3 42. Bd1 e5+ 43. Kg4 Qxc5 44. Bb3+ Kh7 45. Rxf3
Qc8+ 46. Kh5 e4 47. Rg3 Re5+ 48. Kh4 Qd8+ 49. Kh3 Rh5+ 50. Kg2 Rg5 51. Bc2
Rxg3+ 52. Kxg3 Qg5+ 53. Kf2 Qf4+ 54. Ke1 Qe3+ 55. Kd1 Qg1+ 56. Kd2 Kh8 57. Bxe4
Qf2+ 58. Kd3 g5 59. Bg6 Qf3+ 60. Kd4 g4 61. Bh5 Qf4+ 62. Kd5 g3 63. Ke6 g2 0-1

[Event "Tournoi francophone 021"]
[Site "Skype"]
[Date "????.??.??"]
[Round "1.21"]
[White "Duthoit, Bernard"]
[Black "Roberge, Yves"]
[Result "1-0"]
[WhiteElo "1566"]
[BlackElo "1401"]
[PlyCount "105"]

1. e4 e5 2. Nf3 Nf6 3. d3 d5 4. exd5 Nxd5 5. Nxe5 Nc6 6. Nxc6 bxc6 7. Bg5 Qxg5
8. Qf3 Bd6 9. c4 Nb4 10. a3 Nc2+ 11. Kd1 Nxa1 12. Qxc6+ Ke7 13. Qxa8 a6 14.
Qe4+ Be6 15. d4 Rb8 16. Bd3 Rxb2 17. d5 f5 18. Qxe6+ Kf8 19. Qxf5+ Qxf5 20.
Bxf5 Rxf2 21. g3 Rxf5 22. Nc3 Rf3 23. Ne4 Rd3+ 24. Ke2 Rxa3 25. Rf1+ Kg8 26.
Nxd6 cxd6 27. Rc1 Ra2+ 28. Kd3 Nb3 29. Rc3 Nc5+ 30. Ke3 Na4 31. Rb3 Nb2 32. Rb6
Nd1+ 33. Kf4 Rf2+ 34. Kg5 a5 35. Rxd6 h6+ 36. Kg6 Rf6+ 37. Rxf6 gxf6 38. Kxf6
Kh7 39. d6 a4 40. d7 a3 41. d8=Q a2 42. Qf8 a1=Q+ 43. Kf7 Qh8 44. c5 Ne3 45. c6
Nf5 46. c7 Nd6+ 47. Qxd6 Qg7+ 48. Ke6 Qg6+ 49. Ke5 Qg7+ 50. Kd5 Qg5+ 51. Kc6
Qf5 52. Qd7+ Qxd7+ 53. Kxd7 1-0

[Event "Tournoi francophone 021"]
[Site "Skype"]
[Date "????.??.??"]
[Round "1.22"]
[White "Briquet, Gerard"]
[Black "Sauvaget, Joel"]
[Result "1-0"]
[WhiteElo "1400"]
[BlackElo "1553"]
[PlyCount "99"]

1. e4 e5 2. Nf3 d6 3. d4 exd4 4. Nxd4 Nf6 5. Nc3 a6 6. Bf4 Be7 7. Be2 O-O 8.
Qd2 Nbd7 9. Nf5 Nb6 10. Nxe7+ Qxe7 11. f3 h6 12. h4 Nh5 13. Be3 Ng3 14. Rh2
Nxe2 15. Qxe2 Be6 16. O-O-O Bc4 17. Qf2 a5 18. Bxb6 cxb6 19. Qxb6 Ra6 20. Qd4
Qc7 21. Nd5 Bxd5 22. Qxd5 a4 23. a3 Rb8 24. g4 b5 25. Rhd2 b4 26. Rd3 bxa3 27.
Rxa3 Rab6 28. Rc3 Qa7 29. Qd4 Qa5 30. Qd2 Qa7 31. Qe3 Qd7 32. b3 axb3 33. Rxb3
Rxb3 34. cxb3 Qc6+ 35. Kb2 Rc8 36. Rc1 Qd7 37. Rxc8+ Qxc8 38. Qc3 Qb8 39. b4 f6
40. Qc4+ Kf8 41. b5 Qb7 42. Qc6 Qa7 43. Qxd6+ Kg8 44. b6 Qa6 45. Qd5+ Kf8 46.
b7 Qb6+ 47. Kc3 Qc7+ 48. Kd4 Qb8 49. Qc5+ Ke8 50. Qc8+ 1-0

[Event "Tournoi francophone 021"]
[Site "Skype"]
[Date "????.??.??"]
[Round "1.23"]
[White "Trivedi, Viral"]
[Black "Gerbaux, Regis"]
[Result "1-0"]
[WhiteElo "1551"]
[BlackElo "1400"]
[PlyCount "41"]

1. e4 e5 2. Nf3 d6 3. d4 Nf6 4. Bg5 Nbd7 5. Bc4 d5 6. Bxd5 Be7 7. Bb3 h6 8.
dxe5 Nxe4 9. Bxe7 Qxe7 10. O-O Nxe5 11. Nxe5 Qxe5 12. Re1 Qxb2 13. Rxe4+ Be6
14. Bxe6 O-O 15. Nd2 Rad8 16. Bb3 Rxd2 17. Qxd2 Qxa1+ 18. Re1 Qf6 19. h3 Rd8
20. Qe3 Qc6 21. Qe7 1-0

[Event "Tournoi francophone 021"]
[Site "Skype"]
[Date "????.??.??"]
[Round "1.24"]
[White "Leonelli, Michele"]
[Black "Codina, Teresa"]
[Result "0-1"]
[WhiteElo "1400"]
[BlackElo "1548"]
[PlyCount "46"]

1. e4 c5 2. Nf3 d6 3. d3 Nf6 4. c4 g6 5. Be2 Bg7 6. O-O O-O 7. d4 cxd4 8. Nxd4
Nxe4 9. Be3 Nd7 10. f3 Nef6 11. f4 Nb6 12. f5 gxf5 13. Bf4 e5 14. Nc3 exf4 15.
Ndb5 d5 16. cxd5 a6 17. Na3 Nbxd5 18. h3 Be6 19. Bf3 Nxc3 20. Qxd8 Raxd8 21.
Rfc1 Nce4 22. Rc5 Nxc5 23. Bh5 Nxh5 0-1

[Event "Tournoi francophone 021"]
[Site "Skype"]
[Date "????.??.??"]
[Round "1.26"]
[White "Tolaro, Filippa"]
[Black "Gharbi, Said"]
[Result "0-1"]
[WhiteElo "1400"]
[BlackElo "1544"]
[PlyCount "36"]

1. d4 e5 2. Nf3 e4 3. Nfd2 d5 4. e3 c5 5. b3 cxd4 6. exd4 Bb4 7. a3 Qa5 8. Be2
Bc3 9. Nxc3 Qxc3 10. Rb1 Qxd4 11. Bb2 Qb6 12. Bxg7 Qg6 13. Bxh8 Qxg2 14. Rf1
Qxh2 15. Bb5+ Kf8 16. Qg4 Bxg4 17. c4 e3 18. fxe3 Qe2# 0-1

[Event "Tournoi francophone 021"]
[Site "Skype"]
[Date "????.??.??"]
[Round "1.27"]
[White "Bucherie, Volcy"]
[Black "Trapletti, Cosetta"]
[Result "1-0"]
[WhiteElo "1538"]
[BlackElo "1400"]
[PlyCount "105"]

1. Nf3 Nf6 2. g3 d5 3. Bg2 e6 4. O-O Bd6 5. d4 c5 6. c3 Nc6 7. Nbd2 O-O 8. e3
Bd7 9. c4 Re8 10. Qb3 b6 11. cxd5 exd5 12. Ne5 Na5 13. Qc3 Bf5 14. a3 Rc8 15.
b4 cxb4 16. Qxc8 Bxc8 17. axb4 Ba6 18. bxa5 Bxf1 19. Kxf1 b5 20. Nc6 Qd7 21.
Ne5 Bxe5 22. dxe5 Ng4 23. Nf3 d4 24. exd4 h6 25. a6 Qd5 26. Bb2 Rc8 27. Nd2 Rc2
28. Bxd5 Rxd2 29. Bc3 b4 30. Bxb4 Rxd4 31. Ra4 Rd1+ 32. Ke2 Rd4 33. Bc6 Nxe5
34. Bb7 Rd7 35. Bc8 Rd8 36. Bb7 Nc4 37. Bc5 Rd2+ 38. Kf3 Rd3+ 39. Ke4 Rc3 40.
Bxa7 Nd6+ 41. Kd4 Rd3+ 42. Kxd3 Nb5 43. Bb6 Nd6 44. Kd4 Nf5+ 45. Ke5 g6 46. a7
Kf8 47. Kf6 Nd6 48. Bd5 Kg8 49. a8=Q+ Kh7 50. Qd8 Nf5 51. Bxf7 h5 52. Bxg6+ Kh6
53. Qd2+ 1-0

[Event "Tournoi francophone 021"]
[Site "Skype"]
[Date "????.??.??"]
[Round "1.28"]
[White "Viatge, Fabrice"]
[Black "Rodriguez, Nathalie"]
[Result "1-0"]
[WhiteElo "1400"]
[BlackElo "1537"]
[PlyCount "91"]

1. f4 d5 2. Nf3 Bf5 3. e3 Nc6 4. Bb5 Qd6 5. b3 Nf6 6. Bb2 a6 7. Bxc6+ Qxc6 8.
d3 e6 9. O-O Be7 10. Nbd2 h6 11. Ne5 Qb6 12. Qe1 Ng4 13. Rf3 f6 14. Nxg4 Bxg4
15. Rf1 O-O-O 16. Nf3 Rd7 17. Kh1 Rhd8 18. h3 Bh5 19. g4 Bg6 20. Qf2 Bc5 21. d4
Be7 22. Nh4 Be4+ 23. Kg1 Qc6 24. Rac1 Qb5 25. f5 exf5 26. Nxf5 Bxf5 27. Qxf5 c6
28. c4 dxc4 29. Qxb5 axb5 30. bxc4 bxc4 31. Rxc4 Rd5 32. e4 Rb5 33. Ba1 Bd6 34.
d5 c5 35. a4 Rb3 36. Bc3 b6 37. Rf2 Rb1+ 38. Kg2 g6 39. Bxf6 Rg8 40. e5 Bf8 41.
d6 Kd7 42. Rd2 Bg7 43. Re4 Bxf6 44. exf6 Rf8 45. Re7+ Kc6 46. Rc7# 1-0

[Event "Tournoi francophone 021"]
[Site "Skype"]
[Date "????.??.??"]
[Round "1.29"]
[White "Le Bouill, Pierre"]
[Black "Alcaraz Acosta, Luisa Montserrat"]
[Result "1-0"]
[WhiteElo "1534"]
[BlackElo "1382"]
[PlyCount "79"]

1. Nf3 Nf6 2. d4 d5 3. h3 Bf5 4. Bf4 Nc6 5. c3 e6 6. e3 Be7 7. Bd3 O-O 8. O-O
Bxd3 9. Qxd3 Ne4 10. Nbd2 Nf6 11. Ne5 Nxe5 12. Bxe5 Nh5 13. Qe2 g6 14. Nf3 f6
15. Bh2 c5 16. b3 Bd6 17. Rad1 Re8 18. dxc5 Bxh2+ 19. Nxh2 Rc8 20. b4 f5 21. f4
Qh4 22. Rf3 e5 23. Qf2 Qf6 24. Nf1 exf4 25. exf4 Re4 26. Ng3 Nxg3 27. Rxg3 Rce8
28. Rgd3 Re2 29. Qf3 Qh4 30. Qxd5+ Kg7 31. Qxb7+ R8e7 32. Qf3 Re1+ 33. Rxe1
Qxe1+ 34. Kh2 Re2 35. Rd7+ Re7 36. Rxe7+ Qxe7 37. c6 a5 38. bxa5 h5 39. g3 Qe1
40. c7 1-0

[Event "Tournoi francophone 021"]
[Site "Skype"]
[Date "????.??.??"]
[Round "1.30"]
[White "Hampton, Irene"]
[Black "Radice, Marco"]
[Result "0-1"]
[WhiteElo "1358"]
[BlackElo "1534"]
[PlyCount "67"]

1. d4 Nf6 2. Nc3 g6 3. Bf4 Bg7 4. e3 O-O 5. Nf3 d6 6. h3 Nc6 7. Be2 Re8 8. Qd2
e5 9. Bh2 exd4 10. Nxd4 Nxd4 11. Qxd4 Bf5 12. O-O-O Ne4 13. Qb4 Nxf2 14. g4
Nxh1 15. gxf5 Nf2 16. Rg1 Rxe3 17. fxg6 hxg6 18. Rg3 Rxg3 19. Bxg3 Qg5+ 20. Bf4
Qg1+ 21. Bd1 Bxc3 22. bxc3 Nxd1 23. Qd4 Nxc3+ 24. Qxg1 Ne2+ 25. Kd2 Nxg1 26. h4
Nf3+ 27. Kd3 Nxh4 28. c4 b5 29. cxb5 a6 30. a4 axb5 31. axb5 Nf5 32. Bc1 Ra4
33. Bb2 Rb4 34. Kc2 0-1